Mé kouzelné Já : jak najít kouzlo uvnitř každého z Vás /

Hlavní autor: Šírková, Markéta, 1975-
Jazyk: Čeština
Vydáno: Týn nad Vltavou : Nová Forma, 2014
Vydání: 1. vyd.
Témata:
Fyzický popis: 123 s. : barev. il. ; 21 cm
Knihy
Uloženo v:
LEADER 01942nam a2200565 a 4500
001 nkc20142587855
003 CZ PrNK
005 20140704070831.0
007 ta
008 140430s2014 xr a e f 000 0 cze
015 |a cnb002587855 
020 |a 978-80-7453-457-7  |q (brož.) 
035 |a (OCoLC)886603343 
040 |a BOA001  |b cze  |d ABA001 
072 7 |a 615.8  |x Fyzioterapie. Psychoterapie. Alternativní lékařství  |2 Konspekt  |9 14 
080 |a 17.02  |2 MRF 
080 |a 133.5:118  |2 MRF 
080 |a 577.337  |2 MRF 
080 |a 159.9.016.1  |2 MRF 
080 |a 615.8  |2 MRF 
080 |a 613.86  |2 MRF 
080 |a 130.33-025.18  |2 MRF 
080 |a (0.062)  |2 MRF 
100 1 |a Šírková, Markéta,  |d 1975-  |7 xx0185317  |4 aut 
245 1 0 |a Mé kouzelné Já :  |b jak najít kouzlo uvnitř každého z Vás /  |c Markéta Šírková 
250 |a 1. vyd. 
260 |a Týn nad Vltavou :  |b Nová Forma,  |c 2014 
300 |a 123 s. :  |b barev. il. ;  |c 21 cm 
504 |a Obsahuje bibliografii 
650 0 7 |a životní harmonie  |7 ph138147  |2 czenas 
650 0 7 |a čakry  |7 ph119371  |2 czenas 
650 0 7 |a energetický systém člověka  |7 ph137672  |2 czenas 
650 0 7 |a duše a tělo  |7 ph135234  |2 czenas 
650 0 7 |a alternativní terapie  |7 ph137043  |2 czenas 
650 0 7 |a meditace  |7 ph115255  |2 czenas 
650 0 7 |a vesmírná harmonie  |7 ph328390  |2 czenas 
650 0 9 |a harmony of life  |2 eczenas 
650 0 9 |a chakra (hinduism)  |2 eczenas 
650 0 9 |a human bioenergetics  |2 eczenas 
650 0 9 |a soul and body  |2 eczenas 
650 0 9 |a alternative therapy  |2 eczenas 
650 0 9 |a meditation  |2 eczenas 
650 0 9 |a cosmic harmony  |2 eczenas 
655 7 |a populárně-naučné publikace  |7 fd131864  |2 czenas 
655 9 |a popular works  |2 eczenas 
910 2 |a BOA001  |b 2-1327.711 
990 |a BK 
995 |a 01 
991 |b 201406  |c NOV  |e n 
996 6 |b 2610592470  |c 2-1327.711  |l MZK  |r Sklad / do 1 hodiny  |n 2  |p p.v.  |w 001425357  |u 000010  |a 1  |e BOA001  |j MZK50  |s P